MDQL
is popping MORE tags! Check the
thread
!
Quizzes
Events
Quiz Creation
Community
Videos
Private Events
Remove Ads
Sign In
Join for FREE
Feedback
Dark Mode
Quiz Categories
Sports
Geography
Music
Movies
Television
Just For Fun
Miscellaneous
History
Literature
Language
Science
Gaming
Entertainment
Religion
Holiday
For Kids
Quiz Lab
Recent
Popular Today
Quiz Kudos Today
Editor Picks
Curator Picks
Quizzes by...
Day
Popularity
Type
Ratings
Length
Year
Community
Subscriptions
Recent Discussions
Orange Saloon
Badges
Playlists
Quests
Create
Leaderboards
Showdown
Live 5
Trivia Bingo
Activity
Puzzle Library
Sporcle Events
Private Events
Virtual Trivia
Globe League
Become a Host
Pub Owners
SporcleCon
Opinionation
Our Games
Videos
Blog
Mobile Apps
Partnerships
Remove Ads and Go Orange
Feedback
Sports
Athletes
MLB
NBA
NHL
NFL
Soccer
Sports Teams
WWE
NCAA
Football
Premier League
Basketball
Baseball
Hockey
Golf
Tennis
Cricket
Rugby
Auto Racing
Olympics
World Cup
Sports
Athletes
MLB
NBA
NHL
NFL
Soccer
Sports Teams
WWE
NCAA
Football
Premier League
Basketball
Baseball
Hockey
Golf
Tennis
Cricket
Rugby
Auto Racing
Olympics
World Cup
Random Quiz
Search Sporcle
×
Quiz Lab
Quiz Lab
Sports
NFL Draft
Type in answers that appear in a list
Type in answers that appear in a list
Classic
Best Score? Go Orange.
2006 NFL First Round Draft Picks Stats
Can you name the 2006 NFL First Round Draft Picks
By
house3382
10m
32 Questions
139 Plays
139 Plays
139 Plays
Comments
Comments
Give Quiz Kudos
Give Quiz Kudos
-
- Ratings
hide this ad
Replay
Link that replays current quiz
Next Quiz
Link to next quiz in quiz playlist
You Got
0%
They Got
Avg Score
64%
Avg Friend Score
Upgrade to see
Score Distribution
Jump to the score distribution portion of the page
Score
0/32
Timer
10:00
0
Plays Today
Hint
Answer
% Correct
Saints: USC-
RB
Reggie Bush
100%
Texans: NC State-
DE
Mario Williams
98.6%
Titans: Texas-
QB
Vince Young
98.6%
Panthers: Memphis-
RB
DeAngelo Williams
98.6%
49ers: Maryland-
TE
Vernon Davis
96.4%
Cardinals: USC-
QB
Matt Leinart
96.4%
Broncos: Vanderbilt-
QB
Jay Cutler
95.7%
Packers: Ohio State-
LB
A.J. Hawk
90.6%
Jets: Virginia-
OT
D'Brickashaw Ferguson
84.9%
Ravens: Oregon-
DT
Haloti Ngata
84.2%
Colts: LSU-
RB
Joseph Addai
82.7%
Steelers: Ohio State-
WR
Santonio Holmes
82%
Jaguars-
UCLA-
TE
Mercedes Lewis
77.7%
Raiders: Texas-
S
Michael Huff
74.8%
Patriots: Minnesota-
RB
Laurence Maroney
74.8%
Jets: Ohio State-
C
Nick Mangold
72.7%
Hint
Answer
% Correct
Vikings: Iowa-
LB
Chad Greenway
67.6%
Bills: Ohio State-
S
Donte Whitner
57.6%
Chiefs: Penn State-
DE
Tamba Hali
57.6%
Lions: Florida State-
LB
Ernie Sims
53.2%
Chargers: Florida State-
CB
Antonio Cromartie
48.9%
Giants: Boston College-
DE
Mathias Kiwanuka
46.8%
Cowboys: Ohio State-
LB
Bobby Carpenter
44.6%
Buccaneers: Oklahoma-
G
Davin Joseph
41.7%
Bengals: South Carolina-
CB
Johnathan Joseph
41.7%
Eagles: Florida State-
DT
Brodrick Bunkley
36.7%
49ers: NC State-
LB
Manny Lawson
28.8%
Rams: Clemson-
CB
Tye Hill
27.3%
Dolphins: Tennessee-
S
Jason Allen
27.3%
Bills-
NC State-
DT
John McCargo
23%
Browns: Florida State-
DE
Kamerion Wimbley
22.3%
Seahawks: Miami-
CB
Kelly Jennings
18%
Quiz Playlist
Details
Report
Send in Message
Add To Playlist
Classic:
Type in answers that appear in a list
Quiz Source
Last Updated: Feb 16, 2017
Quiz Scoreboard
CHALLENGE
Sign Up to Join the Scoreboard
Show All
Scores
Hide
Comments
May contain spoilers
Recently Published
Holiday 10x10 Sorting Gallery
by lukepisani3
Holiday
15m
Two Season TV Shows II
by 123Four
Television
10m
Image Sorting: Flags VI
by Barbecue
Geography
2m
More to Explore
Quiz From the Vault
Featured Blog Post
14 Easter Pick-up Lines to Find Eggs With
hide this ad
You Might Also Like...
Tags
NFL Draft
Today's Top Quizzes in Sports
Browse Sports
hide this ad
Today's Top Quizzes in NFL Draft
Browse NFL Draft
Top Contributed Quizzes in Sports
1
Les meilleurs buteurs des matchs entre le PSG et l’OM
2
Les entraîneurs de l'OM et du PSG au 21e siècle
3
2022 World Cup Stars
4
Players with Multiple 50 Home Run Seasons
5
Les joueurs passés par le PSG et l'OM
6
FIFA Club World Cup Champions
7
Top 10 NHL Goal Scorers of All Time
8
Criteria MLB: Left Handed Sluggers
9
Les joueurs passés par le LOSC et le RC Lens
10
2023 MLB Unique Player Accomplishments
Explore More
Trending Topics
Marvel
Crossword
Harry Potter
Kpop
Disney
NBA
Anime
Soccer
NFL
Song
Country
WWE
The Office
Puzzle
Pokémon
hide this ad
More By:
house3382
Quiz
Plays
Rating
Category
Featured
Created
The Office Episodes (Seasons 6-9)
382
5.00
Television
Jul 17, 2013
NFL 2016 League Leaders
336
4.50
Sports
Jan 3, 2017
2009 NFL First Round Draft Picks
180
4.50
Sports
Jan 8, 2014
2007 NFL First Round Draft Picks
161
4.00
Sports
Jan 10, 2014
2013 Top 100 NFL Rushing Yards
147
4.00
Sports
Jan 3, 2014
Go to Creator's Profile
Score Distribution
Quiz Creator Spotlight
house3382
Follow
Send a Message
Quizzes Created
-
Created Quiz Play Count
-
More By This Creator
Popular Quizzes Today
1
Find the US States - No Outlines Minefield
2
Colored Red Africa Blitz
3
Find the 'City' Movie
4
The Countries of the World
5
Find the US States
6
5x2 Blitz: Bands
7
Find the Countries of Europe - No Outlines Minefield
8
US States
More Sports Quizzes
30 for 30 Scramble (Pitchers)
Curator's Pick
Trending Quizzes
Colored Red Europe Blitz I
Colored Red Europe Blitz II
Colored Red Africa Blitz II
Colored Red Europe Blitz III
Colored Red Africa Blitz III
Recently Updated
Odd Team Out - Big 4 Players
pecheneg
Quick Pick: 20 Twenties
pecheneg
March Madness Men's Triple Doubles
pecheneg
How Do You Spell That?
pecheneg
Godzilla Movies
pecheneg
Grab Bag: 4-10 Letters
pecheneg
2024 March Madness Bracket
pecheneg
Famous TV Couples
Peacemaker
Champions League XIs: Real Madrid
pecheneg
Largest US Cities 1790-2010
pecheneg
Trending Topics
Marvel
NBA
Kpop
Crossword
Anime
Harry Potter
Disney
NFL
The Office
Song
Pokémon
Soccer
Puzzle
Country
WWE
Your Account Isn't Verified!
In order to create a playlist on Sporcle, you need to verify the email address you used during registration. Go to your
Sporcle Settings
to finish the process.
Report this User
Report this user for behavior that violates our
Community Guidelines
.
Details:
Send Report
Go to the Sporcle.com Mobile Site →
Comments